000 00285nam a22001217a 4500
008 170714b xxu||||| |||| 00| 0 eng d
041 _aeng
080 _a17
100 _a24
101 _aFIL
245 _aCLASSICS OF POLITICAL AND MORAL PHILOSOPHY
_cCAHN.S.M
942 _2udc
_cBK
999 _c20751
_d20751